Orlando - Choix Multiples - Statistiques

Statistiques générales
  • Ce quiz a été pris 36 fois
  • Le résultat moyen est 7 sur 10
Statistiques - réponses
Question Réponse % Correct
Quel complexe de loisir est basé à Orlando? Walt Disney Resort
100%
Dans quel état américain se situe Orlando? Floride
94%
Quelle photo parmi les suivantes a été prise à Orlando?
91%
Lequel de ces studios américains a ouvert un parc d'attraction (similaire à celui de la question n°2)? Universal
79%
Quelle franchise de la NBA est basée à Orlando? Magic
74%
Si vous vous rendez à "Orlando Eye", quel bâtiment allez-vous visiter? Une grande roue
65%
Quel département français est jumelé avec Orlando? Seine-et-Marne
50%
Dans quel lieu de la ville une tuerie de masse a fait de nombreuses victimes le 12 juin 2016? Une boîte de nuit
50%
Quel boys band parmi les suivant n'a pas été formé à Orlando? Take That
29%
Quel grand évènement eut lieu par deux fois à Orlando, en 2008 et 2017? Wrestlemania
24%
Aucun quiz correspondant
Distribution des résultats
% des personnes avec chaque résultat
Percentile par nombre de réponses
Votre historique - résultats
Vous n’avez pas pris ce quiz